Normal view MARC view
  • SERWAY,A.RAYMOND

Entry Personal Name

Number of records used in: 4

001 - CONTROL NUMBER

  • control field: 130737

003 - CONTROL NUMBER IDENTIFIER

  • control field: NUST

005 - DATE AND TIME OF LATEST TRANSACTION

  • control field: 20250926124947.0

008 - FIXED-LENGTH DATA ELEMENTS

  • fixed length control field: 250926|| aca||aabn | a|a d

040 ## - CATALOGING SOURCE

  • Original cataloging agency: NUST
  • Transcribing agency: NUST

100 ## - HEADING--PERSONAL NAME

  • Personal name: SERWAY,A.RAYMOND

670 ## - SOURCE DATA FOUND

  • Source citation: Work cat.: (NUST): SERWAY,A.RAYMOND., PHYSICS FOR SCIENTISTS AND ENGINEERS WITH MODERN PHYSICS /, 1986.
© 2023 Central Library, National University of Sciences and Technology. All Rights Reserved.